<?xml version="1.0" encoding="UTF-8"?>
<record
    xmlns:xsi="http://www.w3.org/2001/XMLSchema-instance"
    xsi:schemaLocation="http://www.loc.gov/MARC21/slim http://www.loc.gov/standards/marcxml/schema/MARC21slim.xsd"
    xmlns="http://www.loc.gov/MARC21/slim">

  <leader>00660    a2200241   4500</leader>
  <controlfield tag="003">IN-BaIIA</controlfield>
  <controlfield tag="005">20250829123024.0</controlfield>
  <controlfield tag="007">978-3-030-55229-9</controlfield>
  <controlfield tag="008">250829b        |||||||| |||| 00| 0 eng d</controlfield>
  <datafield tag="040" ind1=" " ind2=" ">
    <subfield code="c">IIA Library</subfield>
  </datafield>
  <datafield tag="080" ind1=" " ind2=" ">
    <subfield code="a">524.354-54</subfield>
    <subfield code="b">VIN</subfield>
  </datafield>
  <datafield tag="100" ind1=" " ind2=" ">
    <subfield code="a">Vink, Jocco</subfield>
    <subfield code="9">49267</subfield>
  </datafield>
  <datafield tag="245" ind1=" " ind2=" ">
    <subfield code="a">Physics and evolution of supernova remnants</subfield>
    <subfield code="c">Jacco Vink</subfield>
  </datafield>
  <datafield tag="260" ind1=" " ind2=" ">
    <subfield code="b">Springer</subfield>
    <subfield code="c">2020</subfield>
    <subfield code="a">Switzerland</subfield>
  </datafield>
  <datafield tag="300" ind1=" " ind2=" ">
    <subfield code="a">xxiii, 521p.</subfield>
  </datafield>
  <datafield tag="500" ind1=" " ind2=" ">
    <subfield code="a">index given; ill.</subfield>
  </datafield>
  <datafield tag="650" ind1=" " ind2=" ">
    <subfield code="a">Supernova remnants</subfield>
    <subfield code="9">6675</subfield>
  </datafield>
  <datafield tag="650" ind1=" " ind2=" ">
    <subfield code="a">Evolution</subfield>
    <subfield code="9">14171</subfield>
  </datafield>
  <datafield tag="650" ind1=" " ind2=" ">
    <subfield code="a">Cosmic ray</subfield>
    <subfield code="9">27088</subfield>
  </datafield>
  <datafield tag="650" ind1=" " ind2=" ">
    <subfield code="a">Pulsars</subfield>
    <subfield code="9">7214</subfield>
  </datafield>
  <datafield tag="650" ind1=" " ind2=" ">
    <subfield code="a">Neutron stars</subfield>
    <subfield code="9">7729</subfield>
  </datafield>
  <datafield tag="942" ind1=" " ind2=" ">
    <subfield code="2">ddc</subfield>
    <subfield code="c">BK</subfield>
  </datafield>
  <datafield tag="999" ind1=" " ind2=" ">
    <subfield code="c">36107</subfield>
    <subfield code="d">36107</subfield>
  </datafield>
  <datafield tag="952" ind1=" " ind2=" ">
    <subfield code="0">0</subfield>
    <subfield code="1">0</subfield>
    <subfield code="2">ddc</subfield>
    <subfield code="4">0</subfield>
    <subfield code="7">0</subfield>
    <subfield code="a">BAN</subfield>
    <subfield code="b">BAN</subfield>
    <subfield code="c">GEN</subfield>
    <subfield code="d">2025-08-29</subfield>
    <subfield code="e">7</subfield>
    <subfield code="g">15304.98</subfield>
    <subfield code="l">1</subfield>
    <subfield code="o">524.354-54 /VIN</subfield>
    <subfield code="p">20716</subfield>
    <subfield code="r">2026-03-05</subfield>
    <subfield code="s">2026-03-05</subfield>
    <subfield code="v">15304.98</subfield>
    <subfield code="w">2025-08-29</subfield>
    <subfield code="y">BK</subfield>
  </datafield>
</record>
